|
|
|
|
| LEADER |
01832nam a2200469 a 4500 |
| 001 |
nkc20091861240 |
| 003 |
CZ PrNK |
| 005 |
20130626135102.0 |
| 007 |
ta |
| 008 |
090312s2009 xr e 000 d cze |
| 015 |
|
|
|a cnb001861240
|
| 020 |
|
|
|a 978-80-86907-64-2
|q (brož.) :
|c Kč 49,00
|
| 035 |
|
|
|a (OCoLC)455842201
|
| 040 |
|
|
|a OLA001
|b cze
|d BOA001
|
| 043 |
|
|
|a e-xr---
|
| 045 |
|
|
|a y0y0
|
| 072 |
|
7 |
|a 782
|x Divadelní hudba. Opera, opereta, muzikál
|2 Konspekt
|9 9
|
| 080 |
|
|
|a 782
|2 MRF
|
| 080 |
|
|
|a (437.3)
|2 MRF
|
| 080 |
|
|
|a (0:82-293.1)
|2 MRF
|
| 100 |
1 |
|
|a Drábek, Pavel,
|d 1974-
|7 ola20040422002
|4 aut
|
| 245 |
1 |
0 |
|a Společná smrt milenců v Šinagawě :
|b (volně podle japonských příběhů) : libreto opery Ondřeje Kyase z repertoáru Ensemblu Opera Diversa /
|c Pavel Drábek
|
| 250 |
|
|
|a Vyd. 1.
|
| 260 |
|
|
|a Brno :
|b Větrné mlýny pro občanské sdružení Centrum pro kulturu a společnost,
|c 2009
|
| 300 |
|
|
|a 55 s. ;
|c 15 cm
|
| 490 |
1 |
|
|a RozRazil - současná česká hra,
|x 1803-7100 ;
|v sv. 74
|
| 500 |
|
|
|a 400 výt.
|
| 648 |
|
7 |
|a 2009
|7 ch967352
|2 czenas
|
| 648 |
|
7 |
|a 21. století
|7 ch460559
|2 czenas
|
| 650 |
0 |
7 |
|a opery
|7 ph123760
|z Česko
|y 21. století
|2 czenas
|
| 650 |
0 |
9 |
|a operas
|z Czechia
|y 21st century
|2 eczenas
|
| 655 |
|
7 |
|a operní libreta
|7 fd184679
|2 czenas
|
| 655 |
|
9 |
|a librettos
|2 eczenas
|
| 710 |
2 |
|
|a Centrum pro kulturu a společnost (sdružení)
|7 xx0096833
|
| 710 |
2 |
|
|a Opera Diversa (sdružení)
|7 ko2008480207
|
| 830 |
|
0 |
|a RozRazil - současná česká hra
|0 s
|
| 910 |
2 |
|
|a BOA001
|b S-1227.796
|
| 990 |
|
|
|a BK
|
| 995 |
|
|
|a 01
|
| 991 |
|
|
|b 200908
|
| 996 |
6 |
|
|b 2610385116
|c S-1227.796
|l MZK
|r Sklad / do 24 hodin
|n 0
|p p.v.
|w 001092928
|u 000010
|a 1
|e BOA001
|j MZK50
|s P
|
| 996 |
6 |
|
|b 2610385117
|c S-1227.796
|l MZK
|r Sklad / do 24 hodin
|n 0
|p p.v.
|w 001092928
|u 000020
|a 1
|e BOA001
|j MZK50
|s P
|